000 00335cam a22001217a 4500
008 180718b1983 xxu||||| |||| 00| 0 eng d
082 _aJ7x54 G959
100 _aGupta, R.G.
245 _aPlanning and development of towns
_cby R.G. Gupta
260 _aNew Delhi
_bOxford & IBH
_c1983
300 _a279p.
650 _aCity Planning - India
999 _c476729
_d476729